000 00629nam a2200193Ia 4500
005 20250507130227.0
008 008 250505s9999 xx 000 0 eng d
037 _aSeries Article
040 _aEASL
_beng
_cEASL
041 _aeng
_2eng
084 _qEASL
100 _aEilenberg Michael
_9668930
245 0 _aStrading the border:a marginal history of guerrilla warfare and 'counter-insurgence'in the Indonesian borderland,1960s-1970s
260 _aUK
_bCambridge Cambridge University Press UK
_c2011
300 _a1423-1464
650 _aModern Asian Studies
942 _cSRA
999 _c1318422
_d1318422